[Event "Sao Paulo Carnaval op"]
[Site "Sao Paulo"]
[Date "2020.02.24"]
[Round "5"]
[White "Brito, Luismar Jorge"]
[Black "Saraiva, Alexandre Pacheco"]
[Result "1-0"]
[WhiteElo "2204"]
[BlackElo "1880"]
[PlyCount "103"]
[EventDate "2020.02.22"]
[EventType "swiss"]
[EventRounds "7"]
[EventCountry "BRA"]
[SourceTitle "CBM 195 Extra"]
[Source "ChessBase"]
[SourceDate "2020.05.31"]
[SourceVersion "1"]
[SourceVersionDate "2020.05.31"]
[SourceQuality "1"]

1. Nc3 c5 2. Nf3 Nc6 3. d4 cxd4 4. Nxd4 g6 5. Nxc6 bxc6 6. Qd4 Nf6 7. Qh4 h5 8. e4 d6 9. Bc4 Bg7 10. h3 a5 11. 0-0 Ba6 12. Bxa6 Rxa6 13. Be3 Qb8 14. Rab1 0-0 15. a3 Re8 16. f4 Qc8 17. f5 Nd7 18. fxg6 fxg6 19. Ne2 Ne5 20. Bd4 c5 21. Bc3 Ra7 22. Nf4 Bf6 23. Qe1 Kh7 24. Nd5 Qe6 25. Bxa5 Rf8 26. Bc3 Bg7 27. Qe2 Rxf1+ 28. Rxf1 Ra4 29. Nb6 Ra7 30. a4 Nc6 31. Bxg7 Kxg7 32. Qf3 Qf6 33. Qxf6+ exf6 34. c3 Ra6 35. Nc4 Ne5 36. Nxe5 dxe5 37. Ra1 c4 38. a5 Kf7 39. Ra4 Ke6 40. Rxc4 Rxa5 41. Rc6+ Kf7 42. Kf2 Ra4 43. b4 h4 44. Kf3 Ra2 45. b5 Rb2 46. b6 f5 47. c4 Rb3+ 48. Ke2 fxe4 49. c5 Kg7 50. Rc7+ Kh6 51. b7 Kg5 52. c6 1-0

[Event "Sao Paulo Carnaval op"]
[Site "Sao Paulo"]
[Date "2020.02.24"]
[Round "6"]
[White "Saraiva, Alexandre Pacheco"]
[Black "Pereira, Armando Scharlau"]
[Result "1/2-1/2"]
[WhiteElo "1880"]
[BlackElo "1725"]
[PlyCount "107"]
[EventDate "2020.02.22"]
[EventType "swiss"]
[EventRounds "7"]
[EventCountry "BRA"]
[SourceTitle "CBM 195 Extra"]
[Source "ChessBase"]
[SourceDate "2020.05.31"]
[SourceVersion "1"]
[SourceVersionDate "2020.05.31"]
[SourceQuality "1"]

1. d4 Nf6 2. Nf3 e6 3. g3 b6 4. Bg2 Bb7 5. 0-0 Be7 6. c4 d5 7. b3 0-0 8. Bb2 Ne4 9. Qc2 Nd7 10. Rd1 f5 11. Nc3 Ndf6 12. Ne5 Nxc3 13. Bxc3 Ne4 14. Bb2 c5 15. f3 Ng5 16. h4 Nf7 17. cxd5 exd5 18. Qxf5 Nxe5 19. Qxe5 Bd6 20. Qe6+ Kh8 21. dxc5 Bxc5+ 22. Kh2 Re8 23. Qg4 Qe7 24. e4 Bc8 25. Qh5 dxe4 26. fxe4 Bb7 27. e5 Bxg2 28. Kxg2 Qe6 29. Rd3 Rf8 30. Rd2 Be3 31. Rc2 Rad8 32. Rd1 Rd5 33. Rxd5 Qxd5+ 34. Kh2 Qe4 35. Rg2 Qb1 36. e6 Bg1+ 37. Rxg1 Qxb2+ 38. Rg2 Qf6 39. Re2 Qe7 40. Qd5 Rd8 41. Qe5 h6 42. Rf2 Rf8 43. Rxf8+ Qxf8 44. Kg2 Qe7 45. Kf3 Qb7+ 46. Ke3 Qe7 47. Qd5 Kg8 48. h5 Kh7 49. b4 Kg8 50. a3 Kh7 51. Kd4 Qf6+ 52. Kc4 Qf1+ 53. Kd4 Qf2+ 54. Kc4 1/2-1/2

[Event "Niteroi op 1st"]
[Site "Niteroi"]
[Date "2019.09.08"]
[Round "7"]
[White "Ermel, Francisco Roberto"]
[Black "Saraiva, Alexandre Pacheco"]
[Result "1-0"]
[WhiteElo "2086"]
[BlackElo "1889"]
[PlyCount "69"]
[EventDate "2019.09.04"]
[EventType "swiss"]
[EventRounds "7"]
[EventCountry "BRA"]
[SourceTitle "EXT 2020"]
[Source "ChessBase"]
[SourceDate "2019.10.17"]
[SourceVersion "1"]
[SourceVersionDate "2019.10.17"]
[SourceQuality "1"]

1. e4 c5 2. Nf3 d6 3. d4 cxd4 4. Nxd4 Nf6 5. Nc3 a6 6. Bg5 e6 7. f4 Be7 8. Qf3 Nbd7 9. Bc4 Qb6 10. 0-0-0 0-0 11. Rhe1 Qc7 12. Bb3 Re8 13. Qg3 Kh8 14. e5 dxe5 15. fxe5 Ng8 16. Bf4 Nc5 17. Ne4 Nxe4 18. Rxe4 Bd7 19. c3 b5 20. Kb1 Rad8 21. Bc2 Bc6 22. Nxc6 Rxd1+ 23. Bxd1 Qxc6 24. Bc2 Rc8 25. Rd4 f5 26. exf6 Nxf6 27. Be5 Qe8 28. Rh4 h6 29. Qd3 Rd8 30. Rxh6+ Kg8 31. Qg3 Qf7 32. Bg6 Qf8 33. Rh8+ Kxh8 34. Qh3+ Kg8 35. Bxf6 1-0

[Event "Niteroi op 1st"]
[Site "Niteroi"]
[Date "2019.09.05"]
[Round "3"]
[White "Saraiva, Alexandre Pacheco"]
[Black "Damasceno, Enzo De Carvalho"]
[Result "1/2-1/2"]
[WhiteElo "1889"]
[BlackElo "1629"]
[PlyCount "71"]
[EventDate "2019.09.04"]
[EventType "swiss"]
[EventRounds "7"]
[EventCountry "BRA"]
[SourceTitle "EXT 2020"]
[Source "ChessBase"]
[SourceDate "2019.10.17"]
[SourceVersion "1"]
[SourceVersionDate "2019.10.17"]
[SourceQuality "1"]

1. d4 d5 2. Nf3 Nf6 3. e3 e6 4. Nbd2 c5 5. Bb5+ Bd7 6. Be2 Nc6 7. 0-0 Be7 8. b3 cxd4 9. exd4 0-0 10. Bb2 a5 11. a3 Qb6 12. c4 Rfd8 13. Rc1 dxc4 14. Nxc4 Qa7 15. Qc2 Rac8 16. Qb1 Nd5 17. Rfd1 Be8 18. g3 Bf6 19. h4 h5 20. Qe4 b5 21. Nce5 Nce7 22. Ng5 g6 23. Nxg6 fxg6 24. Qxe6+ Kg7 25. Bxb5 Bxg5 26. Rxc8 Rxc8 27. Bxe8 Rxe8 28. hxg5 Qb8 29. Rd3 Rf8 30. Bc1 Qc7 31. Qe5+ Qxe5 32. dxe5 Kf7 33. Bd2 Ra8 34. Kg2 Ke6 35. f4 Kf5 36. Kf3 1/2-1/2

[Event "Rio de Janeiro Estadual-ch"]
[Site "Rio de Janeiro"]
[Date "2018.04.29"]
[Round "4"]
[White "Saraiva, Alexandre Pacheco"]
[Black "Mesquita, Arnaldo Leite"]
[Result "1/2-1/2"]
[WhiteElo "1876"]
[BlackElo "1742"]
[PlyCount "93"]
[EventDate "2018.04.28"]
[EventType "swiss"]
[EventRounds "6"]
[EventCountry "BRA"]
[SourceTitle "CBM 184 Extra"]
[Source "ChessBase"]
[SourceDate "2018.06.28"]
[SourceVersion "1"]
[SourceVersionDate "2018.06.28"]
[SourceQuality "1"]

1. d4 Nf6 2. c4 e5 3. dxe5 Ng4 4. Nf3 Bc5 5. e3 Nc6 6. a3 Ngxe5 7. Nbd2 a6 8. Be2 d6 9. b4 Ba7 10. Bb2 Nxf3+ 11. Bxf3 Ne5 12. 0-0 0-0 13. Be2 Bf5 14. Nb3 Qh4 15. Nd4 Bxd4 16. exd4 Nd7 17. Bf3 c6 18. g3 Qd8 19. Qd2 Nb6 20. Rac1 d5 21. cxd5 Nxd5 22. Rc5 Be6 23. Re1 Re8 24. Re5 Qd7 25. Bd1 f6 26. Re1 Bf7 27. Bf3 Rxe1+ 28. Qxe1 Re8 29. Qd2 Qf5 30. Kg2 Qd7 31. a4 Be6 32. h4 Bh3+ 33. Kh2 Bg4 34. Bxd5+ cxd5 35. Qf4 Qf5 36. Qxf5 Bxf5 37. Bc1 Rc8 38. Rxd5 Be4 39. Rc5 Rxc5 40. bxc5 Kf7 41. g4 g6 42. Kg3 Ke6 43. Kf4 Bd5 44. Ke3 Bc6 45. a5 Bd5 46. f4 f5 47. g5 1/2-1/2

[Event "Guanabara CC/TTC op 1st"]
[Site "Rio de Janeiro"]
[Date "2018.03.11"]
[Round "6"]
[White "Baeta, Marcio Netto"]
[Black "Saraiva, Alexandre Pacheco"]
[Result "1-0"]
[WhiteElo "2003"]
[BlackElo "1871"]
[PlyCount "73"]
[EventDate "2018.03.03"]
[EventType "swiss"]
[EventRounds "6"]
[EventCountry "BRA"]
[SourceTitle "EXT 2019"]
[Source "ChessBase"]
[SourceDate "2018.10.10"]
[SourceVersion "1"]
[SourceVersionDate "2018.10.10"]
[SourceQuality "1"]

1. e4 e5 2. Bc4 Nf6 3. d4 Nc6 4. Nf3 exd4 5. e5 d5 6. Bb5 Ne4 7. Nxd4 Bd7 8. Nxc6 bxc6 9. Bd3 Nc5 10. 0-0 Nxd3 11. Qxd3 g6 12. Qg3 Bg7 13. Bg5 Qb8 14. Qa3 Bf8 15. Qc3 Bg7 16. Bf6 Bxf6 17. exf6 Qb6 18. Nd2 0-0-0 19. Nb3 h5 20. Rfd1 Bg4 21. Rd4 c5 22. Nxc5 Qxf6 23. Qa3 Qb6 24. Ra4 Rhe8 25. Rxa7 c6 26. Rxf7 Kb8 27. Rf4 Kc7 28. Na6+ Kc8 29. Rb4 Qa7 30. Ra4 Re4 31. Nb4 Qb6 32. Ra8+ Kb7 33. Rxd8 Qxd8 34. Qa6+ Kc7 35. Qxc6+ Kb8 36. Qb5+ Kc8 37. Nxd5 1-0

[Event "Rio de Janeiro Alex U1900 1st"]
[Site "Rio de Janeiro"]
[Date "2018.01.07"]
[Round "3.1"]
[White "Saraiva, Alexandre Pacheco"]
[Black "Rabello, David Sousa"]
[Result "1-0"]
[WhiteElo "1870"]
[BlackElo "1861"]
[PlyCount "127"]
[EventDate "2018.01.05"]
[EventType "tourn"]
[EventRounds "5"]
[EventCountry "BRA"]
[SourceTitle "EXT 2022"]
[Source "ChessBase"]
[SourceDate "2021.10.06"]
[SourceVersion "1"]
[SourceVersionDate "2021.10.06"]
[SourceQuality "1"]

1. Nf3 b6 2. d4 Bb7 3. Nbd2 e6 4. g3 c5 5. e3 Nf6 6. Bg2 Be7 7. 0-0 0-0 8. b3 Nc6 9. Bb2 Rc8 10. c4 Nb4 11. a3 Nc6 12. dxc5 Bxc5 13. b4 Be7 14. e4 d5 15. e5 Ne4 16. cxd5 Nxd2 17. Nxd2 exd5 18. Nb3 Qc7 19. Rc1 Qb8 20. Re1 f6 21. exf6 Bxf6 22. Bxf6 Rxf6 23. Qxd5+ Kh8 24. b5 Na5 25. Qd3 Bxg2 26. Nxa5 Bh3 27. Nc6 Qc7 28. f4 Rd6 29. Qe3 Qf7 30. Ne5 Qd5 31. Rxc8+ Bxc8 32. Nf7+ Qxf7 33. Qe8+ Qg8 34. Qxg8+ Kxg8 35. Re8+ Kf7 36. Rxc8 Ke6 37. Kg2 Rd5 38. Rc7 Rd7 39. f5+ Ke7 40. Rxd7+ Kxd7 41. Kf3 Kd6 42. Ke4 Kc5 43. Ke5 Kxb5 44. Ke6 Ka4 45. Kf7 Kxa3 46. Kxg7 a5 47. f6 b5 48. f7 a4 49. f8Q+ b4 50. Kxh7 Kb3 51. Qf3+ Kb2 52. Qe2+ Kb3 53. Qd3+ Kb2 54. Qc4 Ka3 55. Qc1+ Kb3 56. Qb1+ Ka3 57. Kg7 b3 58. Qa1+ Kb4 59. Qd4+ Ka3 60. Qa1+ Kb4 61. Kf6 a3 62. Qd4+ Kb5 63. Qc3 Ka4 64. Qc4+ 1-0

[Event "Rio de Janeiro Alex U1900 1st"]
[Site "Rio de Janeiro"]
[Date "2018.01.05"]
[Round "1.2"]
[White "Saraiva, Alexandre Pacheco"]
[Black "Perez, Bruno Garcia"]
[Result "1-0"]
[WhiteElo "1870"]
[BlackElo "1861"]
[PlyCount "143"]
[EventDate "2018.01.05"]
[EventType "tourn"]
[EventRounds "5"]
[EventCountry "BRA"]
[SourceTitle "EXT 2022"]
[Source "ChessBase"]
[SourceDate "2021.10.06"]
[SourceVersion "1"]
[SourceVersionDate "2021.10.06"]
[SourceQuality "1"]

1. d4 d6 2. Nf3 Bg4 3. Nbd2 c6 4. e3 Nf6 5. Be2 Qa5 6. c3 e5 7. Nc4 Qd5 8. dxe5 Bxf3 9. gxf3 Qxd1+ 10. Kxd1 dxe5 11. Nxe5 Nbd7 12. Nxd7 Rd8 13. Kc2 Rxd7 14. b4 Bd6 15. Rg1 Nd5 16. f4 f5 17. a3 Rg8 18. c4 Nf6 19. c5 Bc7 20. Bc4 Nd5 21. Bb2 g6 22. Rad1 Rf8 23. Rd3 Nf6 24. f3 Rxd3 25. Kxd3 Ke7 26. Be5 Nd5 27. Bxd5 Bxe5 28. fxe5 Rd8 29. e4 fxe4+ 30. Kxe4 Rxd5 31. h4 Rd2 32. h5 Re2+ 33. Kf4 Kf7 34. hxg6+ hxg6 35. Rd1 Ke7 36. Rg1 Ra2 37. Rxg6 Rxa3 38. Rg7+ Ke6 39. Rxb7 Rc3 40. Rxa7 Rc4+ 41. Ke3 Rxb4 42. f4 Rb3+ 43. Ke4 Rb4+ 44. Kf3 Rc4 45. Kg4 Rxc5 46. Ra8 Rc1 47. Rf8 Rg1+ 48. Kf3 c5 49. Rf6+ Kd5 50. Rd6+ Kc4 51. Ke4 Kb5 52. e6 c4 53. Rd8 Kc6 54. Ke5 Re1+ 55. Kf6 c3 56. Rc8+ Kd5 57. f5 Re3 58. Kf7 Re5 59. Kf6 Re3 60. Kf7 Re5 61. f6 Rxe6 62. Rxc3 Re2 63. Rd3+ Ke5 64. Rf3 Ra2 65. Kg7 Rg2+ 66. Kf8 Rg6 67. f7 Kd6 68. Re3 Kd7 69. Re7+ Kd6 70. Ke8 Rg7 71. f8Q Rxe7+ 72. Qxe7+ 1-0

[Event "Rio de Janeiro Padua Memorial 2nd"]
[Site "Rio de Janeiro"]
[Date "2017.10.14"]
[Round "4"]
[White "Mendes, Rodrigo Machado"]
[Black "Saraiva, Alexandre Pacheco"]
[Result "1-0"]
[WhiteElo "2024"]
[BlackElo "1867"]
[PlyCount "108"]
[EventDate "2017.10.12"]
[EventType "swiss"]
[EventRounds "6"]
[EventCountry "BRA"]
[SourceTitle "CBM 181 Extra"]
[Source "ChessBase"]
[SourceDate "2017.12.12"]
[SourceVersion "1"]
[SourceVersionDate "2017.12.12"]
[SourceQuality "1"]

1. Nf3 c5 2. g3 Nf6 3. Bg2 d5 4. 0-0 g6 5. d4 Nbd7 6. c4 dxc4 7. Na3 Bg7 8. dxc5 0-0 9. c6 bxc6 10. Nxc4 Nd5 11. a3 Ba6 12. Qc2 Rc8 13. Rb1 Qc7 14. Bh3 e6 15. Rd1 h6 16. e4 Bxc4 17. Qxc4 N7b6 18. Qc2 Nf6 19. Bf4 Qb7 20. Bg2 c5 21. Bd6 Rfd8 22. e5 Qe4 23. Qc1 Ne8 24. Nd4 Qxg2+ 25. Kxg2 cxd4 26. Qd2 Nxd6 27. exd6 Rxd6 28. Qa5 Rc7 29. Qb5 Kh7 30. a4 e5 31. a5 Nd5 32. Qb8 Rcd7 33. Qe8 f5 34. Rbc1 Rd8 35. Qf7 R8d7 36. Qe8 Re7 37. Qa4 Ree6 38. Rc8 Nf6 39. Rc7 d3 40. Rxa7 e4 41. a6 Ng4 42. Rxg7+ Kxg7 43. a7 Rd8 44. a8Q Rxa8 45. Qxa8 h5 46. Qa7+ Kf6 47. h3 Ne5 48. Qd4 Kf7 49. Ra1 Re7 50. b4 Nf3 51. Qd5+ Kg7 52. b5 d2 53. b6 Ne1+ 54. Kf1 e3 1-0

[Event "Rio de Janeiro Padua Memorial 2nd"]
[Site "Rio de Janeiro"]
[Date "2017.10.12"]
[Round "1"]
[White "Rangel, Daniel"]
[Black "Saraiva, Alexandre Pacheco"]
[Result "1-0"]
[WhiteElo "2295"]
[BlackElo "1867"]
[PlyCount "105"]
[EventDate "2017.10.12"]
[EventType "swiss"]
[EventRounds "6"]
[EventCountry "BRA"]
[SourceTitle "CBM 181 Extra"]
[Source "ChessBase"]
[SourceDate "2017.12.12"]
[SourceVersion "1"]
[SourceVersionDate "2017.12.12"]
[SourceQuality "1"]

1. d4 Nf6 2. Nf3 g6 3. g3 Bg7 4. Bg2 d6 5. 0-0 0-0 6. c4 Nbd7 7. Nc3 c6 8. e4 Qc7 9. Re1 e5 10. d5 h6 11. h3 Rd8 12. Be3 Nf8 13. Rc1 Kh7 14. b4 Ne8 15. Qd3 f5 16. Nh4 Qf7 17. dxc6 f4 18. cxb7 Bxb7 19. Bd2 Ne6 20. Nd5 Rac8 21. Nf3 g5 22. a4 Nf6 23. gxf4 Nxf4 24. Bxf4 gxf4 25. Nh4 Kh8 26. Nf5 Bf8 27. Bf3 Nxd5 28. cxd5 Rc7 29. Rxc7 Qxc7 30. Kh2 Qb6 31. Qd2 Rc8 32. Rg1 Rc4 33. Nh4 Bg7 34. Nf5 Bf8 35. a5 Qxb4 36. Qxb4 Rxb4 37. Rc1 Rb2 38. Kg2 Rb4 39. Rc7 Kg8 40. Bh5 Ba6 41. Bf7+ Kh8 42. Be6 Rb8 43. Rxa7 Bd3 44. Kf3 Bf1 45. Kg4 Be2+ 46. f3 Rb1 47. Ra8 Rg1+ 48. Kh4 Bxf3 49. Rxf8+ Kh7 50. a6 Ra1 51. Rf7+ Kh8 52. a7 Bxe4 53. Rf8+ 1-0

[Event "Guanabara CC op 3rd"]
[Site "Rio de Janeiro"]
[Date "2017.08.19"]
[Round "3"]
[White "Saraiva, Alexandre Pacheco"]
[Black "Da Silva, Claudio Oliveira"]
[Result "1/2-1/2"]
[WhiteElo "1857"]
[BlackElo "1795"]
[PlyCount "125"]
[EventDate "2017.08.12"]
[EventType "swiss"]
[EventRounds "6"]
[EventCountry "BRA"]
[SourceTitle "CBM 180 Extra"]
[Source "ChessBase"]
[SourceDate "2017.10.06"]
[SourceVersion "1"]
[SourceVersionDate "2017.10.06"]
[SourceQuality "1"]

1. d4 Nf6 2. Nf3 g6 3. Nbd2 Bg7 4. e4 d6 5. Be2 0-0 6. 0-0 Nbd7 7. Re1 e5 8. c3 Re8 9. Qc2 b6 10. Bc4 Bb7 11. Ng5 Re7 12. f3 h6 13. Nh3 Nf8 14. dxe5 dxe5 15. Nf1 Ne6 16. Be3 Qd6 17. Rad1 Qc6 18. Bd5 Nxd5 19. exd5 Qd7 20. dxe6 Qxe6 21. b3 Bxf3 22. gxf3 Qxh3 23. Qe4 Qc8 24. Bf2 Qe8 25. c4 Rc8 26. c5 Qb5 27. Qb7 Qe8 28. Qa6 Ra8 29. Ne3 Kh7 30. Nd5 Rd7 31. c6 Rxd5 32. Rxd5 Qxc6 33. Qc4 Qe6 34. Rc1 Re8 35. Rd3 Qf5 36. Qe4 Qg5+ 37. Kh1 Qxc1+ 38. Kg2 Qg5+ 39. Kh1 Qf5 40. Qxf5 gxf5 41. Rd7 Rc8 42. Rxf7 Kg6 43. Rd7 Bf8 44. h4 Bd6 45. Kg2 Rg8 46. a4 a5 47. Bxb6 Rb8 48. Bxa5 Rxb3 49. Bxc7 Bxc7 50. Rxc7 Ra3 51. Ra7 Kh5 52. Ra5 Kxh4 53. Rxe5 Kg5 54. a5 Kf4 55. Rb5 Ra2+ 56. Kh3 Ra1 57. Kg2 h5 58. Rb4+ Kg5 59. Rb5 h4 60. Rc5 Ra4 61. Rb5 Kf4 62. Rc5 Ra2+ 63. Kh3 1/2-1/2

[Event "Guanabara CC op 3rd"]
[Site "Rio de Janeiro"]
[Date "2017.08.12"]
[Round "2"]
[White "Ramos, Angelo Bil"]
[Black "Saraiva, Alexandre Pacheco"]
[Result "1/2-1/2"]
[WhiteElo "1977"]
[BlackElo "1857"]
[PlyCount "72"]
[EventDate "2017.08.12"]
[EventType "swiss"]
[EventRounds "6"]
[EventCountry "BRA"]
[SourceTitle "CBM 180 Extra"]
[Source "ChessBase"]
[SourceDate "2017.10.06"]
[SourceVersion "1"]
[SourceVersionDate "2017.10.06"]
[SourceQuality "1"]

1. e4 c5 2. Nf3 e6 3. d4 cxd4 4. Nxd4 a6 5. Bd3 Bc5 6. Nb3 Be7 7. 0-0 Nc6 8. Nc3 d6 9. a4 Nf6 10. f4 0-0 11. Be3 Bd7 12. a5 Be8 13. g4 Nd7 14. Rf2 Nb4 15. Na4 d5 16. Nb6 dxe4 17. Bxe4 Nxb6 18. Bxb6 Qc8 19. c3 Nd5 20. Bxd5 exd5 21. f5 Bh4 22. Rf3 Qc4 23. Nd4 Bd7 24. Qd2 h6 25. b3 Qc8 26. Ne2 Re8 27. Bd4 Re4 28. h3 Bg5 29. Qd3 Qe8 30. Ng3 Re1+ 31. Rxe1 Qxe1+ 32. Rf1 Bb5 33. Rxe1 Bxd3 34. b4 Bh4 35. Kh2 Rc8 36. Re3 Bxg3+ 1/2-1/2

[Event "Rio de Janeiro Andrade Memorial 1st"]
[Site "Rio de Janeiro"]
[Date "2017.06.18"]
[Round "5"]
[White "Saraiva, Alexandre Pacheco"]
[Black "Manzi, Luiz Antonio Bardao"]
[Result "1-0"]
[WhiteElo "1818"]
[BlackElo "1985"]
[PlyCount "51"]
[EventDate "2017.06.15"]
[EventType "swiss"]
[EventRounds "6"]
[EventCountry "BRA"]
[SourceTitle "EXT 2018"]
[Source "ChessBase"]
[SourceDate "2017.10.13"]
[SourceVersion "1"]
[SourceVersionDate "2017.10.13"]
[SourceQuality "1"]

1. c4 Nf6 2. g3 e6 3. Bg2 d5 4. cxd5 exd5 5. d4 Be7 6. Nf3 0-0 7. 0-0 c6 8. Nc3 Bf5 9. Ne5 Nbd7 10. f3 Nxe5 11. dxe5 Nd7 12. e4 dxe4 13. f4 Nc5 14. Be3 Qd3 15. Qc1 Qa6 16. Rd1 Rfd8 17. h3 h5 18. Kh2 Rxd1 19. Qxd1 Rd8 20. Qxh5 g6 21. Qh6 Rd3 22. Bxc5 Bxc5 23. g4 Be6 24. Nxe4 Be7 25. Nf6+ Bxf6 26. exf6 1-0

[Event "Rio de Janeiro Cortinhas Memorial 1st"]
[Site "Rio de Janeiro"]
[Date "2017.04.23"]
[Round "5"]
[White "Saraiva, Alexandre Pacheco"]
[Black "Nogueira, Emmanuel Franco"]
[Result "1/2-1/2"]
[WhiteElo "1864"]
[BlackElo "1815"]
[PlyCount "54"]
[EventDate "2017.04.21"]
[EventType "swiss"]
[EventRounds "6"]
[EventCountry "BRA"]
[SourceTitle "CBM 178 Extra"]
[Source "ChessBase"]
[SourceDate "2017.06.22"]
[SourceVersion "1"]
[SourceVersionDate "2017.06.22"]
[SourceQuality "1"]

1. e4 c5 2. Nf3 e6 3. d4 cxd4 4. Nxd4 Nf6 5. Nc3 Bb4 6. Bd3 Nc6 7. Nde2 d5 8. exd5 exd5 9. 0-0 0-0 10. Bg5 Be7 11. a3 Bg4 12. f3 Bh5 13. Kh1 Bg6 14. Bxg6 hxg6 15. b4 a6 16. Nd4 Qb6 17. Be3 Qc7 18. Nce2 Bd6 19. g3 Rfe8 20. Bf2 Rac8 21. f4 Qe7 22. Qd3 Qe4+ 23. Kg1 Bb8 24. Rad1 Ng4 25. Rfe1 Nxf2 26. Kxf2 Ba7 27. c3 Qxd3 1/2-1/2

[Event "Rio de Janeiro CXG op 1st"]
[Site "Rio de Janeiro"]
[Date "2017.04.01"]
[Round "6"]
[White "Da Costa, Carlos Henrique Luz"]
[Black "Saraiva, Alexandre Pacheco"]
[Result "1/2-1/2"]
[WhiteElo "1544"]
[BlackElo "1863"]
[PlyCount "141"]
[EventDate "2017.03.25"]
[EventType "swiss"]
[EventRounds "6"]
[EventCountry "BRA"]
[SourceTitle "CBM 177 Extra"]
[Source "ChessBase"]
[SourceDate "2017.04.27"]
[SourceVersion "1"]
[SourceVersionDate "2017.04.27"]
[SourceQuality "1"]

1. d4 Nf6 2. Nf3 d5 3. c3 Nbd7 4. Bf4 e6 5. Nbd2 Be7 6. h3 c5 7. e3 a6 8. a4 h6 9. Be2 0-0 10. 0-0 Re8 11. Ne5 Nxe5 12. Bxe5 cxd4 13. exd4 Bd7 14. a5 Rc8 15. Qb3 Bc6 16. Bd3 Nd7 17. Bh2 Bf6 18. f4 g6 19. Nf3 Ra8 20. Ne5 Qc8 21. Rf3 Bg7 22. Qc2 Re7 23. Bg3 Nf8 24. Bh4 Rc7 25. Ng4 Nh7 26. Ne5 Be8 27. Rg3 Nf8 28. Rf3 Bb5 29. g4 Bxd3 30. Qxd3 Qe8 31. g5 h5 32. Qe2 Nd7 33. Ra3 Nb8 34. Nd3 Qb5 35. Re3 Nc6 36. Ne5 Bf8 37. Qxb5 axb5 38. b4 Ne7 39. Re2 Nf5 40. Be1 Nd6 41. Rea2 Ra6 42. Kg2 Nf5 43. Bf2 Nd6 44. h4 Nf5 45. Nd3 Nd6 46. Nc5 Ra7 47. a6 b6 48. Nb7 Nc4 49. Rb3 Rc8 50. Rb1 Rca8 51. Rba1 Rc8 52. Kf3 Nd6 53. Be1 Nxb7 54. axb7 Rxb7 55. Ra8 Rcb8 56. Ke3 Bd6 57. Kf3 Kg7 58. Rxb8 Bxb8 59. Ra6 Kf8 60. Ra8 Ke7 61. Bg3 Kd7 62. Ke3 Ke7 63. Kf3 Kd7 64. Kg2 Ke7 65. f5 Bxg3 66. f6+ Kd6 67. Kxg3 Rc7 68. Rd8+ Kc6 69. Rf8 Kd6 70. Kf3 Rxc3+ 71. Ke2 1/2-1/2

[Event "Rio de Janeiro CXG op 1st"]
[Site "Rio de Janeiro"]
[Date "2017.03.26"]
[Round "3"]
[White "Chaves, Jorge Antonio Torre"]
[Black "Saraiva, Alexandre Pacheco"]
[Result "1-0"]
[WhiteElo "1923"]
[BlackElo "1863"]
[PlyCount "41"]
[EventDate "2017.03.25"]
[EventType "swiss"]
[EventRounds "6"]
[EventCountry "BRA"]
[SourceTitle "CBM 177 Extra"]
[Source "ChessBase"]
[SourceDate "2017.04.27"]
[SourceVersion "1"]
[SourceVersionDate "2017.04.27"]
[SourceQuality "1"]

1. e4 e6 2. d4 d5 3. Nc3 Bb4 4. e5 Ne7 5. a3 Bxc3+ 6. bxc3 b6 7. c4 dxc4 8. Bxc4 Ba6 9. Bxa6 Nxa6 10. Nf3 0-0 11. Qd3 Qc8 12. Ng5 Nf5 13. g4 h6 14. h4 Rd8 15. gxf5 hxg5 16. Bxg5 Re8 17. f6 c5 18. Rg1 Rd8 19. Bh6 cxd4 20. Rxg7+ Kf8 21. Rxf7+ 1-0

[Event "Rio de Janeiro CXG op 1st"]
[Site "Rio de Janeiro"]
[Date "2017.03.26"]
[Round "4"]
[White "Ferreira, Jose Carlos"]
[Black "Saraiva, Alexandre Pacheco"]
[Result "0-1"]
[WhiteElo "1840"]
[BlackElo "1863"]
[PlyCount "58"]
[EventDate "2017.03.25"]
[EventType "swiss"]
[EventRounds "6"]
[EventCountry "BRA"]
[SourceTitle "CBM 177 Extra"]
[Source "ChessBase"]
[SourceDate "2017.04.27"]
[SourceVersion "1"]
[SourceVersionDate "2017.04.27"]
[SourceQuality "1"]

1. e4 c5 2. Nf3 d6 3. Bb5+ Nd7 4. 0-0 e5 5. c3 Ngf6 6. Re1 Be7 7. d3 0-0 8. Ba4 Qc7 9. Bc2 Re8 10. Nbd2 d5 11. Bb3 c4 12. dxc4 dxe4 13. Ng5 h6 14. Ngxe4 b6 15. Bc2 Bb7 16. Qe2 Nf8 17. Nxf6+ Bxf6 18. Qg4 g6 19. Ne4 Bg7 20. Qe2 f5 21. Nd2 Ne6 22. g3 Qc6 23. f3 Rad8 24. b4 e4 25. fxe4 Bxc3 26. Rb1 Ng5 27. Rf1 Bd4+ 28. Kg2 Nxe4 29. Kh3 Ng5+ 0-1

[Event "Rio de Janeiro CXG op 1st"]
[Site "Rio de Janeiro"]
[Date "2017.03.25"]
[Round "1"]
[White "Costa, Carlos Evanir"]
[Black "Saraiva, Alexandre Pacheco"]
[Result "1-0"]
[WhiteElo "2210"]
[BlackElo "1863"]
[PlyCount "103"]
[EventDate "2017.03.25"]
[EventType "swiss"]
[EventRounds "6"]
[EventCountry "BRA"]
[SourceTitle "CBM 177 Extra"]
[Source "ChessBase"]
[SourceDate "2017.04.27"]
[SourceVersion "1"]
[SourceVersionDate "2017.04.27"]
[SourceQuality "1"]

1. Nf3 c5 2. e4 d6 3. d4 cxd4 4. Nxd4 Nf6 5. Nc3 a6 6. Bg5 Nbd7 7. Bc4 Qa5 8. Qd2 e6 9. 0-0 Be7 10. Rad1 0-0 11. Nd5 Bd8 12. b4 Qa3 13. Nxf6+ Bxf6 14. Bxf6 Nxf6 15. Rfe1 d5 16. Re3 Qa4 17. Bb3 Qd7 18. e5 Ng4 19. Re2 Qc7 20. Qg5 f5 21. f4 Qd8 22. h3 Nh6 23. Qg3 b5 24. Qe3 Qc7 25. a4 Bd7 26. a5 Rac8 27. Rd3 Kh8 28. c3 Rg8 29. Qd2 Qd8 30. Nf3 Qe7 31. Qe3 Be8 32. Rf2 Bf7 33. Qb6 Ra8 34. Rfd2 Qa7 35. Qf2 Qxf2+ 36. Kxf2 Rac8 37. Ba2 Rc7 38. Rc2 Rgc8 39. Nd4 Bg8 40. g3 Nf7 41. Nxe6 Nxe5 42. Nxc7 Nxd3+ 43. Ke3 Nxb4 44. cxb4 d4+ 45. Kxd4 Bxa2 46. Ke5 Bb1 47. Rc5 Bd3 48. Nxa6 Re8+ 49. Kd4 Bf1 50. Rxf5 Bxh3 51. Rxb5 Bf1 52. Rb8 1-0

[Event "Rio de Janeiro Tijuca op 1st"]
[Site "Rio de Janeiro"]
[Date "2017.03.18"]
[Round "5"]
[White "Ferreira, Jose Carlos"]
[Black "Saraiva, Alexandre Pacheco"]
[Result "1/2-1/2"]
[WhiteElo "1840"]
[BlackElo "1863"]
[PlyCount "97"]
[EventDate "2017.03.11"]
[EventType "swiss"]
[EventRounds "6"]
[EventCountry "BRA"]
[SourceTitle "CBM 177 Extra"]
[Source "ChessBase"]
[SourceDate "2017.04.27"]
[SourceVersion "1"]
[SourceVersionDate "2017.04.27"]
[SourceQuality "1"]

1. d4 Nf6 2. c4 e6 3. Nc3 Bb4 4. Qc2 0-0 5. e3 c5 6. a3 Bxc3+ 7. bxc3 Na6 8. Bd3 d6 9. Ne2 b6 10. 0-0 Bb7 11. Ng3 h6 12. Qe2 Re8 13. e4 e5 14. d5 Bc8 15. h3 Nc7 16. Be3 a6 17. a4 Rb8 18. Rfb1 Bd7 19. Rb2 Kh7 20. f4 Ng8 21. f5 Rf8 22. Qf1 Qe8 23. Qb1 Na8 24. Qd1 b5 25. axb5 axb5 26. cxb5 Nb6 27. c4 Rb7 28. Rba2 Qe7 29. Kh2 Rfb8 30. Nf1 Kh8 31. Nd2 Be8 32. Nb3 Bxb5 33. Na5 Ba4 34. Qc1 Rc7 35. Rb2 Ra8 36. Rxb6 Rxa5 37. Qc3 Ra8 38. Bc2 Rca7 39. Bd3 Qc7 40. Rb2 Be8 41. Rxa7 Rxa7 42. Qb3 Nf6 43. g4 Kg8 44. Bd2 Kf8 45. Bc3 Nh7 46. Kg3 Ra6 47. h4 Qa7 48. Rb1 Ra3 49. Qc2 1/2-1/2